[Event "Titled Tuesday intern op 28th Mar Late"]
[Site "Chess.com INT"]
[Date "2023.03.28"]
[Round "7"]
[White "Jimenez, Joaquin Rodrigo"]
[Black "Estrada Nieto, Julian"]
[Result "0-1"]
[WhiteElo "2195"]
[BlackElo "2217"]
[PlyCount "102"]
[EventDate "2023.03.28"]
[EventType "swiss (blitz)"]
[EventRounds "11"]
[EventCountry "USA"]
[SourceTitle "EXT 2024"]
[Source "ChessBase"]
[SourceDate "2023.10.10"]
[SourceVersion "1"]
[SourceVersionDate "2023.10.10"]
[SourceQuality "1"]

1. c4 e5 2. Nc3 Nf6 3. Nf3 Nc6 4. g3 Bb4 5. Bg2 Bxc3 6. dxc3 d6 7. Qc2 0-0 8. 0-0 Be6 9. Bg5 Bxc4 10. Rfe1 h6 11. Bxf6 Qxf6 12. Nd2 Be6 13. Ne4 Qe7 14. Rad1 d5 15. Nd2 Rad8 16. Nf3 Bg4 17. Nh4 Rfe8 18. Bxd5 Nd4 19. Bxf7+ Qxf7 20. cxd4 exd4 21. Kg2 b6 22. h3 Bc8 23. Nf3 Bb7 24. b3 c5 25. Qd2 Rf8 26. Qd3 Rd6 27. b4 Rf6 28. bxc5 bxc5 29. Rc1 Bxf3+ 30. exf3 Rxf3 31. Qc4 Rxf2+ 32. Kg1 Qxc4 33. Rxc4 Rxa2 34. Rxc5 Rf3 35. Rd5 Rxg3+ 36. Kf1 d3 37. Rd1 Rxh3 38. Kg1 Kh7 39. R5xd3 Rxd3 40. Rxd3 a5 41. Rd7 a4 42. Ra7 Kg6 43. Kh1 h5 44. Kg1 Kh6 45. Kh1 g6 46. Kg1 Kg5 47. Ra6 h4 48. Kh1 Kh5 49. Ra8 g5 50. Rc8 a3 51. Kg1 Rb2 0-1

[Event "Titled Tuesday intern op 28th Mar Late"]
[Site "Chess.com INT"]
[Date "2023.03.28"]
[Round "9"]
[White "Jimenez, Joaquin Rodrigo"]
[Black "Santos, Jose Guilherme B Li"]
[Result "1-0"]
[WhiteElo "2195"]
[BlackElo "2375"]
[PlyCount "63"]
[EventDate "2023.03.28"]
[EventType "swiss (blitz)"]
[EventRounds "11"]
[EventCountry "USA"]
[SourceTitle "EXT 2024"]
[Source "ChessBase"]
[SourceDate "2023.10.10"]
[SourceVersion "1"]
[SourceVersionDate "2023.10.10"]
[SourceQuality "1"]

1. c4 Nf6 2. Nc3 g6 3. d4 Bg7 4. e4 d6 5. Nf3 0-0 6. Be3 e5 7. dxe5 dxe5 8. Qxd8 Rxd8 9. Nd5 Nxd5 10. cxd5 Nd7 11. Rc1 Nf6 12. Bg5 c6 13. dxc6 h6 14. Bxf6 Bxf6 15. Bb5 bxc6 16. Bxc6 Rb8 17. b3 Ba6 18. Bd5 Rbc8 19. Kd2 g5 20. h3 h5 21. Rxc8 Rxc8 22. Rc1 Rd8 23. Rc7 g4 24. hxg4 hxg4 25. Nh2 Bg5+ 26. Kc3 g3 27. fxg3 Rb8 28. Rxf7 Kh8 29. Rc7 Rg8 30. Ng4 Rf8 31. Kb4 Be2 32. Nxe5 1-0

[Event "Titled Tuesday intern op 28th Mar Late"]
[Site "Chess.com INT"]
[Date "2023.03.28"]
[Round "2"]
[White "Karamsetty, Jeevan"]
[Black "Jimenez, Joaquin Rodrigo"]
[Result "0-1"]
[WhiteElo "2206"]
[BlackElo "2195"]
[PlyCount "174"]
[EventDate "2023.03.28"]
[EventType "swiss (blitz)"]
[EventRounds "11"]
[EventCountry "USA"]
[SourceTitle "EXT 2024"]
[Source "ChessBase"]
[SourceDate "2023.10.10"]
[SourceVersion "1"]
[SourceVersionDate "2023.10.10"]
[SourceQuality "1"]

1. e4 e6 2. d4 d5 3. exd5 exd5 4. Bd3 Nc6 5. c3 Qh4 6. Nf3 Qh5 7. Bf4 Bg4 8. Bxc7 Kd7 9. Bf4 Re8+ 10. Be3 Nf6 11. Nbd2 Bd6 12. Qb3 Kc7 13. 0-0-0 Ne4 14. Be2 Nxf2 15. Bxf2 Rxe2 16. Bg3 Bxg3 17. hxg3 Qf5 18. Rhf1 Qd7 19. Rde1 Rhe8 20. Qb5 Rxe1+ 21. Rxe1 Rxe1+ 22. Nxe1 Qe6 23. Qf1 Bf5 24. Nef3 Bg6 25. Ng5 Qe7 26. Qf4+ Kb6 27. Kd1 f6 28. Ngf3 a6 29. c4 Nb4 30. c5+ Ka7 31. Qd6 Bc2+ 32. Kc1 Qxd6 33. cxd6 Bf5 34. a3 Nc6 35. Nb3 b6 36. Kd2 Kb7 37. Ke3 Kc8 38. Nh4 Bc2 39. Nd2 Kd7 40. g4 Kxd6 41. Ndf3 Ne7 42. Nd2 g5 43. Nhf3 Bg6 44. Ne1 h5 45. gxh5 Bxh5 46. Nd3 Nf5+ 47. Kf2 Nxd4 48. Nb4 a5 49. Nd3 Bg6 50. Ne1 Nc2 51. Nef3 g4 52. Nh4 Bh7 53. g3 Nd4 54. Ng2 Ne6 55. Ne3 d4 56. Nxg4 f5 57. Nf6 Bg6 58. g4 fxg4 59. Nxg4 Kc5 60. Kf3 Bh5 61. Kg3 Bxg4 62. Kxg4 Kd5 63. Kf3 Nc5 64. Ke2 Ne4 65. Nb3 Kc4 66. Nc1 Nc5 67. Kd2 Nb3+ 68. Nxb3 Kxb3 69. Kd3 Kxb2 70. a4 Ka3 71. Kxd4 Kxa4 72. Kc3 b5 73. Kb2 Kb4 74. Ka2 a4 75. Kb2 a3+ 76. Ka2 Ka4 77. Kb1 b4 78. Ka1 b3 79. Kb1 a2+ 80. Ka1 Kb4 81. Kb2 Kc4 82. Ka1 Kb4 83. Kb2 a1Q+ 84. Kxa1 Ka3 85. Kb1 b2 86. Kc2 Ka2 87. Kc3 b1Q 0-1

[Event "Titled Tuesday intern op 14th Mar Late"]
[Site "Chess.com INT"]
[Date "2023.03.14"]
[Round "2"]
[White "Fernandez Garcia, Gumersindo"]
[Black "Jimenez, Joaquin Rodrigo"]
[Result "1-0"]
[WhiteElo "2172"]
[BlackElo "2195"]
[PlyCount "63"]
[EventDate "2023.03.14"]
[EventType "swiss (blitz)"]
[EventRounds "11"]
[EventCountry "USA"]
[SourceTitle "EXT 2024"]
[Source "ChessBase"]
[SourceDate "2023.10.10"]
[SourceVersion "1"]
[SourceVersionDate "2023.10.10"]
[SourceQuality "1"]

1. e4 e6 2. d4 d5 3. Bd3 Nc6 4. exd5 Qxd5 5. Nf3 Nf6 6. 0-0 Bd7 7. c4 Qh5 8. Nc3 0-0-0 9. a3 Kb8 10. b4 Bc8 11. Be3 e5 12. d5 Bg4 13. dxc6 e4 14. Qa4 b6 15. Bxe4 Nxe4 16. Nxe4 Bxf3 17. gxf3 Qxf3 18. Qa6 Qg4+ 19. Ng3 Qc8 20. Qxc8+ Kxc8 21. Rad1 Be7 22. Nf5 Bf6 23. Rd5 Rde8 24. Rfd1 Re6 25. b5 a5 26. Rd7 Rf8 27. Bf4 Bd8 28. Kf1 Rf6 29. Rxd8+ Rxd8 30. Ne7+ Kb8 31. Rxd8+ Ka7 32. Bxc7 1-0

[Event "Titled Tuesday intern op 14th Mar Early"]
[Site "Chess.com INT"]
[Date "2023.03.14"]
[Round "5"]
[White "Jimenez, Joaquin Rodrigo"]
[Black "Allam, Yara"]
[Result "1-0"]
[WhiteElo "2195"]
[BlackElo "1881"]
[PlyCount "35"]
[EventDate "2023.03.14"]
[EventType "swiss (blitz)"]
[EventRounds "11"]
[EventCountry "USA"]
[SourceTitle "EXT 2024"]
[Source "ChessBase"]
[SourceDate "2023.10.10"]
[SourceVersion "1"]
[SourceVersionDate "2023.10.10"]
[SourceQuality "1"]

1. e4 c5 2. Nf3 e6 3. d4 cxd4 4. Nxd4 a6 5. c4 Nf6 6. Nc3 Qc7 7. a3 b6 8. Bd3 Bb7 9. 0-0 d6 10. Qe2 Nbd7 11. b4 Ne5 12. Bb2 Rc8 13. Rac1 Nxd3 14. Qxd3 Be7 15. Rfe1 0-0 16. Qg3 Nd7 17. Nd5 Bxd5 18. Nxe6 1-0

[Event "Titled Tuesday intern op 14th Mar Early"]
[Site "Chess.com INT"]
[Date "2023.03.14"]
[Round "4"]
[White "Jimenez, Joaquin Rodrigo"]
[Black "Necula, Iulian"]
[Result "0-1"]
[WhiteElo "2195"]
[BlackElo "1880"]
[PlyCount "47"]
[EventDate "2023.03.14"]
[EventType "swiss (blitz)"]
[EventRounds "11"]
[EventCountry "USA"]
[SourceTitle "EXT 2024"]
[Source "ChessBase"]
[SourceDate "2023.10.10"]
[SourceVersion "1"]
[SourceVersionDate "2023.10.10"]
[SourceQuality "1"]

1. e4 d6 2. d4 Nf6 3. Nc3 e5 4. Nf3 Nbd7 5. Bc4 Be7 6. 0-0 0-0 7. Re1 h6 8. h3 c6 9. a4 a5 10. Bf1 Qc7 11. b3 b6 12. Ba3 Bb7 13. dxe5 Nxe5 14. Nxe5 dxe5 15. Bxe7 Qxe7 16. Bc4 Rad8 17. Qf3 Rd2 18. Bd3 c5 19. Qe3 Rxd3 20. Qxd3 Rd8 21. Qb5 Rd2 22. Rac1 Qd6 23. Rcd1 Qd4 24. Qxb6 0-1

[Event "Titled Tuesday intern op 14th Mar Late"]
[Site "Chess.com INT"]
[Date "2023.03.14"]
[Round "11"]
[White "Jimenez, Joaquin Rodrigo"]
[Black "Torres Dominguez, David"]
[Result "1-0"]
[WhiteElo "2195"]
[BlackElo "1998"]
[PlyCount "63"]
[EventDate "2023.03.14"]
[EventType "swiss (blitz)"]
[EventRounds "11"]
[EventCountry "USA"]
[SourceTitle "EXT 2024"]
[Source "ChessBase"]
[SourceDate "2023.10.10"]
[SourceVersion "1"]
[SourceVersionDate "2023.10.10"]
[SourceQuality "1"]

1. e4 e5 2. Nf3 Nc6 3. Bc4 Bc5 4. c3 Nf6 5. d4 exd4 6. cxd4 Bb4+ 7. Nc3 Nxe4 8. 0-0 Bxc3 9. bxc3 d5 10. Bd3 0-0 11. Qc2 Bf5 12. Rb1 Rb8 13. Bf4 Bg6 14. Rfe1 a5 15. c4 Nb4 16. Rxb4 axb4 17. cxd5 Nd6 18. Bxg6 fxg6 19. Bg3 Rc8 20. h3 Re8 21. Ne5 Nf5 22. Qc4 b5 23. Qxb5 Nxg3 24. fxg3 Qd6 25. Rc1 Rb8 26. Qc4 h6 27. Qb3 Kh7 28. Rc6 Qe7 29. Rxg6 Qf8 30. Qd3 Kh8 31. Rc6 Ra8 32. Ng6+ 1-0

[Event "Titled Tuesday intern op 14th Mar Early"]
[Site "Chess.com INT"]
[Date "2023.03.14"]
[Round "7"]
[White "Quirke, Jeffrey"]
[Black "Jimenez, Joaquin Rodrigo"]
[Result "1-0"]
[WhiteElo "1982"]
[BlackElo "2195"]
[PlyCount "89"]
[EventDate "2023.03.14"]
[EventType "swiss (blitz)"]
[EventRounds "11"]
[EventCountry "USA"]
[SourceTitle "EXT 2024"]
[Source "ChessBase"]
[SourceDate "2023.10.10"]
[SourceVersion "1"]
[SourceVersionDate "2023.10.10"]
[SourceQuality "1"]

1. e4 e6 2. d4 d5 3. e5 c5 4. c3 Nc6 5. Nf3 Nh6 6. Na3 Nf5 7. Nc2 Qb6 8. Bd3 cxd4 9. Bxf5 exf5 10. Ncxd4 Nxd4 11. cxd4 Qa6 12. Qe2 Qxe2+ 13. Kxe2 Be6 14. Bf4 Kd7 15. h4 h6 16. Rac1 Be7 17. h5 Rhc8 18. a3 b5 19. Bd2 a5 20. Rxc8 Kxc8 21. Rc1+ Kd7 22. Ne1 Bg5 23. f4 Be7 24. Nd3 b4 25. axb4 axb4 26. Bxb4 Bxb4 27. Nxb4 Rb8 28. Nd3 g6 29. hxg6 fxg6 30. Ra1 g5 31. Ra7+ Kc6 32. Re7 Bc8 33. Rh7 Ba6 34. Rxh6+ Kb5 35. fxg5 Ka5 36. Rxa6+ Kxa6 37. e6 Kb5 38. g6 Kc4 39. Ke3 Rb3 40. e7 Rxd3+ 41. Ke2 Rg3 42. e8Q Rxg2+ 43. Kf3 Rxb2 44. g7 Rb3+ 45. Kf4 1-0

[Event "Titled Tuesday intern op 21st Feb Early"]
[Site "Chess.com INT"]
[Date "2023.02.21"]
[Round "7"]
[White "Jimenez, Joaquin Rodrigo"]
[Black "Parpiev, Isaak"]
[Result "1-0"]
[WhiteElo "2195"]
[BlackElo "2167"]
[PlyCount "99"]
[EventDate "2023.02.21"]
[EventType "swiss (blitz)"]
[EventRounds "11"]
[EventCountry "USA"]
[SourceTitle "CBM 212 Extra"]
[Source "ChessBase"]
[SourceDate "2023.03.31"]
[SourceVersion "1"]
[SourceVersionDate "2023.03.31"]
[SourceQuality "1"]

1. Nf3 Nf6 2. g3 d5 3. Bg2 c5 4. 0-0 Nc6 5. b3 e6 6. Bb2 Be7 7. d4 cxd4 8. Nxd4 0-0 9. c4 a6 10. cxd5 exd5 11. Nd2 Bg4 12. h3 Be6 13. N2f3 Rc8 14. Rc1 Ne4 15. Nxc6 bxc6 16. Nd4 Qd7 17. Kh2 Ng5 18. Nxe6 Qxe6 19. h4 Ne4 20. Bxe4 Qxe4 21. Qd4 Qxd4 22. Bxd4 c5 23. Bb2 c4 24. bxc4 Rxc4 25. Rxc4 dxc4 26. Rc1 Rc8 27. Bc3 f6 28. e4 Kf7 29. f4 Rd8 30. Kg2 Rd3 31. Be1 Ra3 32. Rxc4 Rxa2+ 33. Kf3 Ra3+ 34. Kg2 Ra2+ 35. Kh3 a5 36. Rc7 Kf8 37. Ra7 a4 38. h5 Ra1 39. Bc3 Ra3 40. Bd4 Ra2 41. Kg4 Bb4 42. h6 gxh6 43. Bxf6 a3 44. Rxh7 Rh2 45. Ra7 a2 46. Kf5 Rg2 47. g4 Rf2 48. Kg6 Ke8 49. f5 Kf8 50. Ra8# 1-0

[Event "Titled Tuesday intern op 07th Feb Early"]
[Site "Chess.com INT"]
[Date "2023.02.07"]
[Round "8"]
[White "Jimenez, Joaquin Rodrigo"]
[Black "Kuderinov, Kirill"]
[Result "0-1"]
[WhiteElo "2195"]
[BlackElo "2404"]
[PlyCount "54"]
[EventDate "2023.02.07"]
[EventType "swiss (blitz)"]
[EventRounds "11"]
[EventCountry "USA"]
[SourceTitle "EXT 2024"]
[Source "ChessBase"]
[SourceDate "2023.10.10"]
[SourceVersion "1"]
[SourceVersionDate "2023.10.10"]
[SourceQuality "1"]

1. c4 e5 2. Nc3 Nf6 3. Nf3 Nc6 4. g3 d5 5. cxd5 Nxd5 6. Bg2 Be6 7. 0-0 Be7 8. a3 0-0 9. Nxd5 Bxd5 10. b4 e4 11. Ne1 Bf6 12. Rb1 Ba2 13. Rb2 Bxb2 14. Bxb2 Re8 15. Qa1 Bc4 16. d3 exd3 17. exd3 Bxd3 18. Nxd3 Qxd3 19. Bxg7 Rad8 20. Bxc6 bxc6 21. Bh8 Qg6 22. Be5 Rd7 23. Qc3 Rd3 24. Qb2 Re7 25. h4 h5 26. Bd4 Qg4 27. Bc5 Re2 0-1

[Event "Titled Tuesday intern op 31st Jan Early"]
[Site "Chess.com INT"]
[Date "2023.01.31"]
[Round "7"]
[White "Ambartsumova, Karina"]
[Black "Jimenez, Joaquin Rodrigo"]
[Result "0-1"]
[WhiteElo "2399"]
[BlackElo "2195"]
[PlyCount "126"]
[EventDate "2023.01.31"]
[EventType "swiss (blitz)"]
[EventRounds "11"]
[EventCountry "USA"]
[SourceTitle "CBM 212 Extra"]
[Source "ChessBase"]
[SourceDate "2023.03.31"]
[SourceVersion "1"]
[SourceVersionDate "2023.03.31"]
[SourceQuality "1"]

1. c4 Nf6 2. Nc3 e6 3. Nf3 d5 4. d4 Be7 5. Bg5 h6 6. Bh4 0-0 7. Qc2 Nbd7 8. e3 b6 9. Rd1 Bb7 10. Be2 dxc4 11. Bxc4 Nd5 12. Bg3 Nxc3 13. bxc3 Bxf3 14. gxf3 Nf6 15. Qe2 Nd5 16. Qc2 a5 17. 0-0 Bd6 18. e4 Bxg3 19. hxg3 Nf6 20. Bd3 Qe7 21. Kg2 e5 22. dxe5 Qxe5 23. f4 Qc5 24. e5 Ng4 25. Bh7+ Kh8 26. Bf5 Qc6+ 27. Kg1 h5 28. Qe2 Qxc3 29. Kg2 Qc6+ 30. Be4 Qc5 31. Rh1 Kg8 32. Rxh5 Nxf2 33. Bxa8 Nxd1 34. Be4 Ne3+ 35. Kf3 f5 36. exf6 Qxh5+ 37. Kxe3 Qxe2+ 38. Kxe2 gxf6 39. Bd5+ Kg7 40. Kf3 Rd8 41. Bc4 Rd4 42. Be6 Rd2 43. g4 b5 44. Ke4 a4 45. Kf5 b4 46. Bc4 Rc2 47. Be6 Rc5+ 48. Ke4 Rc2 49. Kf5 c5 50. g5 fxg5 51. Kxg5 c4 52. f5 Kf8 53. f6 b3 54. Bf5 Rg2+ 55. Kf4 bxa2 56. Ke5 a1Q+ 57. Kd6 Qc3 58. Be6 Qd2+ 59. Kc5 Re2 60. Bd5 Re5 61. Kxc4 Qxd5+ 62. Kb4 Re4+ 63. Ka3 Qd3+ 0-1

[Event "Titled Tuesday intern op 31st Jan Early"]
[Site "Chess.com INT"]
[Date "2023.01.31"]
[Round "6"]
[White "Reprintsev, Alexander"]
[Black "Jimenez, Joaquin Rodrigo"]
[Result "0-1"]
[WhiteElo "2298"]
[BlackElo "2195"]
[PlyCount "62"]
[EventDate "2023.01.31"]
[EventType "swiss (blitz)"]
[EventRounds "11"]
[EventCountry "USA"]
[SourceTitle "CBM 212 Extra"]
[Source "ChessBase"]
[SourceDate "2023.03.31"]
[SourceVersion "1"]
[SourceVersionDate "2023.03.31"]
[SourceQuality "1"]

1. e4 e6 2. d4 d5 3. Nc3 Bb4 4. Nge2 dxe4 5. a3 Be7 6. Nxe4 Nf6 7. Qd3 Nbd7 8. Bf4 Nxe4 9. Qxe4 Nf6 10. Qf3 c5 11. 0-0-0 Qb6 12. dxc5 Bxc5 13. Nc3 Bd7 14. Be5 Be7 15. Bd4 Qa5 16. Qg3 Rc8 17. Qxg7 Rg8 18. Bxf6 Rxg7 19. Bxg7 Qg5+ 20. Kb1 Qxg7 21. Ne4 Bc6 22. Nd6+ Bxd6 23. Rxd6 Rd8 24. Rxd8+ Kxd8 25. f3 Kc7 26. h4 Qg3 27. h5 h6 28. b3 a5 29. a4 Kb6 30. Kb2 Kc5 31. Kc3 Bd5 0-1

[Event "Titled Tuesday intern op 17th Jan Early"]
[Site "Chess.com INT"]
[Date "2023.01.17"]
[Round "8"]
[White "Jimenez, Joaquin Rodrigo"]
[Black "Fernandez Garcia, Gumersindo"]
[Result "0-1"]
[WhiteElo "2195"]
[BlackElo "2172"]
[PlyCount "56"]
[EventDate "2023.01.17"]
[EventType "swiss (blitz)"]
[EventRounds "11"]
[EventCountry "USA"]
[SourceTitle "CBM 212 Extra"]
[Source "ChessBase"]
[SourceDate "2023.03.31"]
[SourceVersion "1"]
[SourceVersionDate "2023.03.31"]
[SourceQuality "1"]

1. e4 Nf6 2. Nc3 e5 3. Nf3 Nc6 4. d4 Bb4 5. d5 Ne7 6. Bd3 Ng6 7. Bd2 0-0 8. h4 d6 9. h5 Nf4 10. Bxf4 exf4 11. Qd2 Re8 12. Qxf4 Nxd5 13. Qd2 Qf6 14. 0-0-0 Nxc3 15. bxc3 Bxc3 16. Qg5 Qe6 17. Qd5 Qf6 18. Qb3 Bg4 19. Kb1 a5 20. a4 c6 21. Rdf1 b5 22. axb5 a4 23. Qa2 cxb5 24. e5 dxe5 25. Qd5 Bxf3 26. gxf3 a3 27. Ka2 Rad8 28. Qe4 Qe6+ 0-1

[Event "Titled Tuesday intern op 17th Jan Early"]
[Site "Chess.com INT"]
[Date "2023.01.17"]
[Round "3"]
[White "Royal, Shreyas"]
[Black "Jimenez, Joaquin Rodrigo"]
[Result "0-1"]
[WhiteElo "2456"]
[BlackElo "2195"]
[PlyCount "102"]
[EventDate "2023.01.17"]
[EventType "swiss (blitz)"]
[EventRounds "11"]
[EventCountry "USA"]
[SourceTitle "CBM 212 Extra"]
[Source "ChessBase"]
[SourceDate "2023.03.31"]
[SourceVersion "1"]
[SourceVersionDate "2023.03.31"]
[SourceQuality "1"]

1. e4 e6 2. d4 d5 3. Nd2 Nf6 4. exd5 exd5 5. Ngf3 Bd6 6. Bd3 c6 7. 0-0 0-0 8. c3 Bg4 9. h3 Bh5 10. Qc2 Bg6 11. Ne5 Bxd3 12. Qxd3 Nbd7 13. f4 Re8 14. b4 Ne4 15. Nxe4 dxe4 16. Qc4 Qe7 17. Be3 Nf6 18. Qb3 Nd5 19. Rae1 a5 20. a3 axb4 21. axb4 Bxe5 22. dxe5 b5 23. Bc5 Qe6 24. Rxe4 Nxf4 25. Qd1 Ng6 26. Bd4 Ra2 27. Qf3 Qd5 28. e6 f6 29. Bxf6 gxf6 30. Qxf6 Rxg2+ 31. Kh1 Re7 32. Rd4 Rf2+ 33. Rxd5 Rxf6 34. Rd8+ Kg7 35. Rfd1 Rfxe6 36. R8d7 Rxd7 37. Rxd7+ Kh6 38. Kg2 Re3 39. c4 bxc4 40. Rd4 c3 41. Rc4 Ne5 42. Rc5 Nd3 43. Rxc6+ Kg5 44. b5 c2 45. Rxc2 Ne1+ 46. Kf2 Nxc2 47. b6 Rb3 48. b7 Rxb7 49. Kg3 Kh5 50. h4 Rb4 51. Kh3 Rxh4+ 0-1

[Event "Titled Tuesday intern op 10th Jan Early"]
[Site "Chess.com INT"]
[Date "2023.01.10"]
[Round "7"]
[White "Bilan, Danila"]
[Black "Jimenez, Joaquin Rodrigo"]
[Result "1-0"]
[WhiteElo "2303"]
[BlackElo "2195"]
[PlyCount "113"]
[EventDate "2023.01.10"]
[EventType "swiss (blitz)"]
[EventRounds "11"]
[EventCountry "USA"]
[SourceTitle "EXT 2024"]
[Source "ChessBase"]
[SourceDate "2023.10.10"]
[SourceVersion "1"]
[SourceVersionDate "2023.10.10"]
[SourceQuality "1"]

1. d4 Nf6 2. Nf3 g6 3. Bg5 Bg7 4. c3 0-0 5. Nbd2 d5 6. e3 c5 7. Bd3 Nc6 8. 0-0 cxd4 9. exd4 Bg4 10. h3 Be6 11. Re1 Qd7 12. Nb3 b6 13. Bb5 Rac8 14. Ne5 Qb7 15. Nxc6 Rxc6 16. Bxc6 Qxc6 17. Nd2 Qd7 18. Qe2 Re8 19. Bxf6 Bxf6 20. Nf3 Bf5 21. Ne5 Qc7 22. Qb5 Rd8 23. Re2 Be4 24. Rae1 Kg7 25. f3 Bf5 26. Ng4 Bh4 27. Rf1 Qg3 28. Ne3 Bxh3 29. f4 Bg4 30. Nxg4 Qxg4 31. Rf3 Bg3 32. Qd3 Bxf4 33. Rxe7 g5 34. Qe2 Qf5 35. Re5 Qg6 36. Re7 Rd6 37. g3 Bc1 38. Rfxf7+ Qxf7 39. Rxf7+ Kxf7 40. Qf1+ Rf6 41. Qxc1 Kg6 42. Qc2+ Kh6 43. Qg2 Rf5 44. Qh3+ Kg6 45. Kg2 h5 46. Qh1 g4 47. Qb1 Kg5 48. Qc1+ Kg6 49. Qc2 Kg5 50. Qd2+ Kg6 51. Qd3 Kg5 52. Qe3+ Kg6 53. Qe6+ Kg5 54. Qe7+ Kg6 55. Qxa7 Kg5 56. Qxb6 Rf3 57. Qa7 1-0